|
|
|
|
| LEADER |
00656cam a2200205 7i4500 |
| 001 |
0000019098 |
| 005 |
20151104090000.0 |
| 005 |
##20151104122100.0 |
| 003 |
##MY-KlINT |
| 020 |
# |
# |
|a 9780230222434
|
| 039 |
# |
9 |
|y 201511041221
|z VLOAD
|
| 090 |
0 |
0 |
|a 658.8
|b FIO
|
| 100 |
1 |
# |
|a Fioroni, Michele
|
| 245 |
1 |
0 |
|a Brand storming :
|b managing brands in the era of complexity /
|c by Michele Fioroni and Garry Titterton.
|
| 260 |
# |
# |
|a Basingstoke
|a New York:
|b Palgrave Mac Millan,
|c 2009.
|
| 300 |
# |
# |
|a x,223p.;
|c 25cm.
|
| 500 |
# |
# |
|a Includes bibliographical references and index
|
| 650 |
# |
0 |
|a Branding (Marketing)
|
| 650 |
# |
0 |
|a Brand name products
|
| 700 |
0 |
# |
|a Titterton,
|h Garry
|